[Event "NRW Verbandsliga Group1 1314"]
[Site "Nordrheinwestfalen"]
[Date "2014.02.16"]
[Round "7"]
[White "Nowak, Michael"]
[Black "Urbanek, Rainer"]
[Result "1/2-1/2"]
[WhiteElo "1909"]
[BlackElo "1618"]
[PlyCount "47"]
[EventDate "2013.09.08"]
[EventType "team-tourn"]
[EventRounds "9"]
[EventCountry "GER"]
[SourceTitle "EXT 2020"]
[Source "ChessBase"]
[SourceDate "2019.10.17"]
[SourceVersion "1"]
[SourceVersionDate "2019.10.17"]
[SourceQuality "1"]
[WhiteTeam "Essen Werden"]
[BlackTeam "Bochum SC an der Uni"]
[WhiteTeamCountry "GER"]
[BlackTeamCountry "GER"]

1. e4 c5 2. Nf3 Nc6 3. d4 cxd4 4. Nxd4 Qc7 5. Nc3 e6 6. Ndb5 Qb8 7. Be2 a6 8. Nd4 Bb4 9. Nxc6 bxc6 10. 0-0 Nf6 11. Qd4 a5 12. e5 Nd5 13. Nxd5 cxd5 14. Bg5 Qc7 15. Be3 Ba6 16. Bxa6 Rxa6 17. c3 Be7 18. Qd3 Rc6 19. Bd4 0-0 20. f4 Rb8 21. f5 Bc5 22. f6 Qxe5 23. Rae1 Bxd4+ 24. cxd4 1/2-1/2

[Event "Werden op"]
[Site "Essen"]
[Date "2005.06.12"]
[Round "5"]
[White "Schoenen, Detlef"]
[Black "Nowak, Michael"]
[Result "1/2-1/2"]
[WhiteElo "1860"]
[BlackElo "1770"]
[PlyCount "92"]
[EventDate "2005.05.20"]
[EventType "swiss"]
[EventRounds "7"]
[EventCountry "GER"]
[SourceTitle "EXT 2007"]
[Source "ChessBase"]
[SourceDate "2006.11.23"]
[SourceVersion "1"]
[SourceVersionDate "2006.11.23"]
[SourceQuality "1"]

1. e4 e5 2. Nf3 Nf6 3. Nxe5 d6 4. Nf3 Nxe4 5. Qe2 Qe7 6. d3 Nf6 7. Bg5 Qxe2+ 8. Bxe2 Be7 9. Nc3 c6 10. d4 h6 11. Bxf6 Bxf6 12. Ne4 Be7 13. 0-0-0 d5 14. Ng3 Be6 15. Rhe1 Nd7 16. Bd3 0-0 17. Bf5 Bxf5 18. Nxf5 Bf6 19. h4 Kh7 20. Ne5 Nxe5 21. dxe5 Bd8 22. g3 Bc7 23. f4 g6 24. Nd4 Bb6 25. g4 Bxd4 26. Rxd4 Kg7 27. f5 f6 28. g5 hxg5 29. hxg5 fxe5 30. f6+ Kf7 31. Rxe5 Rfe8 32. Rxe8 Rxe8 33. Kd2 Ke6 34. Rf4 Kf7 35. Rh4 Re5 36. Rh7+ Kf8 37. Rxb7 Rxg5 38. Rxa7 Rf5 39. f7 g5 40. Ke3 g4 41. Ra4 g3 42. Rg4 Rf2 43. Rxg3 Rxc2 44. Rg8+ Kxf7 45. Rb8 Rc4 46. b4 Ke6 1/2-1/2

[Event "Ruhrgebiet VK1 0405"]
[Site "Ruhrgebiet"]
[Date "2005.01.30"]
[Round "6.7"]
[White "Melmer, Felix"]
[Black "Nowak, Michael"]
[Result "1/2-1/2"]
[WhiteElo "1731"]
[BlackElo "1769"]
[PlyCount "52"]
[EventDate "2004.09.12"]
[EventType "team"]
[EventRounds "9"]
[EventCountry "GER"]
[SourceTitle "EXT 2006"]
[Source "ChessBase"]
[SourceDate "2005.11.24"]
[SourceVersion "1"]
[SourceVersionDate "2005.11.24"]
[SourceQuality "1"]
[WhiteTeam "Gerthe"]
[BlackTeam "Essen Werden"]
[WhiteTeamCountry "GER"]
[BlackTeamCountry "GER"]

1. f4 e5 2. fxe5 d6 3. exd6 Bxd6 4. Nf3 g5 5. d4 g4 6. Ne5 Bxe5 7. dxe5 Qxd1+ 8. Kxd1 Nc6 9. Nc3 Be6 10. Bg5 Nge7 11. Bf6 0-0-0+ 12. Ke1 Rhe8 13. e3 a6 14. Bd3 h5 15. a3 Rd7 16. Ke2 Nd5 17. Ne4 Bf5 18. Nd6+ cxd6 19. Bxf5 Nxf6 20. Bxd7+ Nxd7 21. exd6 Nd4+ 22. Kf2 Nf5 23. Rad1 Nf6 24. d7+ Nxd7 25. Rhe1 Nf6 26. Rd3 Ne4+ 1/2-1/2

[Event "Essen Werden op"]
[Site "Essen"]
[Date "2004.07.16"]
[Round "7"]
[White "Noelle, Volker"]
[Black "Nowak, Michael"]
[Result "1-0"]
[WhiteElo "1849"]
[BlackElo "1748"]
[PlyCount "67"]
[EventDate "2004.06.04"]
[EventType "swiss"]
[EventRounds "7"]
[EventCountry "GER"]
[SourceTitle "EXT 2007"]
[Source "ChessBase"]
[SourceDate "2006.11.23"]
[SourceVersion "1"]
[SourceVersionDate "2006.11.23"]
[SourceQuality "1"]

1. Nf3 d5 2. c4 d4 3. e3 c5 4. exd4 cxd4 5. d3 Nc6 6. Be2 e5 7. 0-0 Bd6 8. Re1 Qc7 9. a3 a5 10. b3 f5 11. Bf1 Nf6 12. Bb2 0-0 13. Nbd2 Ng4 14. g3 b6 15. Bg2 Bb7 16. Qc2 Rae8 17. Re2 Rd8 18. Ng5 Bc8 19. c5 bxc5 20. Qc4+ Kh8 21. Ne6 Bxe6 22. Qxe6 Rde8 23. Qc4 Nf6 24. Qa4 e4 25. dxe4 fxe4 26. Nxe4 Nxe4 27. Bxe4 Ne5 28. Rd1 Qf7 29. f4 Qh5 30. Rde1 Ng4 31. Bf3 Rxe2 32. Rxe2 Qh3 33. Qd7 d3 34. Qxg7# 1-0

[Event "Essen Werden op"]
[Site "Essen"]
[Date "2004.06.11"]
[Round "2"]
[White "Vasiljev, Jurij"]
[Black "Nowak, Michael"]
[Result "1-0"]
[WhiteElo "2080"]
[BlackElo "1748"]
[PlyCount "63"]
[EventDate "2004.06.04"]
[EventType "swiss"]
[EventRounds "7"]
[EventCountry "GER"]
[SourceTitle "EXT 2007"]
[Source "ChessBase"]
[SourceDate "2006.11.23"]
[SourceVersion "1"]
[SourceVersionDate "2006.11.23"]
[SourceQuality "1"]

1. d4 f5 2. e4 fxe4 3. Nc3 Nf6 4. Bg5 Nc6 5. Bb5 g6 6. d5 Ne5 7. Qd4 Nf7 8. Bxf6 exf6 9. Nxe4 Bg7 10. 0-0-0 0-0 11. Qd3 a6 12. Ba4 f5 13. Ng3 Qf6 14. c3 b5 15. Bb3 b4 16. N1e2 a5 17. f4 a4 18. Bc4 bxc3 19. Nxc3 a3 20. Nge2 axb2+ 21. Kb1 Nd6 22. Nd4 Nxc4 23. Qxc4 Ba6 24. Ncb5 Bxb5 25. Nxb5 Kh8 26. Nxc7 Rfc8 27. d6 Ra5 28. Rhe1 Qc3 29. Qf7 Qc1+ 30. Rxc1 bxc1Q+ 31. Kxc1 Rc5+ 32. Kd1 1-0